| 000 | 00645nam a2200205 i 4500 | ||
|---|---|---|---|
| 001 | 134437 | ||
| 003 | ES-MaACL | ||
| 005 | 20230906194655.0 | ||
| 007 | t| | ||
| 008 | 070910s1924 xxk ||||1| eng d | ||
| 100 | 1 |
_aWebb, Clement Charles Julian. _9116238 |
|
| 245 | 1 | 2 |
_aA history of philosophy / _cby Clement C. J. Webb. |
| 260 |
_aLondon : _bWilliam and Norgate, _c[1924] |
||
| 300 |
_a256 p. ; _c17 cm. |
||
| 490 | 1 | _aHome university library of modern knowledge | |
| 650 | 4 |
_aFilosofĂa- _vHistoria. _9158248 |
|
| 830 | 0 |
_aHome university library of modern knowledge _9182346 |
|
| 852 |
_aES-MaACL _jC-2758 |
||
| 999 |
_c134437 _d134437 |
||